000 01108cam a2200433 4500500
005 20260405001705.0
041 _afre
042 _adc
100 1 0 _aLegros, Martin
_eauthor
245 0 0 _aRésonances / Février 2014
260 _c2014.
500 _a12
690 _aArtificiel
690 _aAviation
690 _aBernard Stiegler
690 _aCarl Schmitt
690 _aCentrafrique
690 _aChine
690 _aCœur
690 _aCorps
690 _aDessin animé
690 _aDroit
690 _aEspace
690 _aEurope
690 _aFrançois Hollande
690 _aFront National
690 _aGreffe
690 _aHayao Miyazaki
690 _aInternational
690 _aLune
690 _aMarine Le Pen
690 _aPaul Valéry
690 _aPropriété
690 _aResponsabilité
690 _aSchopenhauer
690 _aThomas Mann
786 0 _nPhilosophie magazine | 76 | 2 | 2014-02-01 | p. 11-11 | 1951-1787
856 4 1 _uhttps://shs.cairn.info/magazine-philosophie-magazine-2014-2-page-11?lang=fr&redirect-ssocas=7080
999 _c2050051
_d2050051